Science Quiz

Random Science or Typing Quiz
Score 0/12 Timer 01:00
2 Plays Today
% Correct
1
100%
11
75.8%
21
67.4%
1211
61.9%
111221
54%
312211
51.3%
13112221
48.6%
1113213211
44.4%
31131211131221
38.6%
13211311123113112211
27.9%
11131221133112132113212221
14.4%
3113112221232112111312211312113211
3.7%
Remove Ads.
Support Sporcle.
Get the best of Sporcle when you Go Orange. This ad-free experience offers more features, more stats, and more fun while also helping to support Sporcle. Thank you for becoming a member.

You're not logged in!

Compare scores with friends on all Sporcle quizzes.
OR
Log In

Show Comments

Extras

Top Quizzes Today


Score Distribution

Your Account Isn't Verified!

In order to create a playlist on Sporcle, you need to verify the email address you used during registration. Go to your Sporcle Settings to finish the process.

Report this User

Report this user for behavior that violates our Community Guidelines.

Details: